Name The Country By The Current Leader - Statistics

General Stats
  • This quiz has been taken 31 times
  • The average score is 10 of 15
Answer Stats
Hint Answer % Correct
Xi Jinping China
100%
Vladimir Putin Russia
100%
Donald Trump USA
100%
Mark Carney Canada
89%
Narendra Modi India
82%
Luiz Inácio Lula da Silva Brazil
79%
Mohammed bin Salman Saudi Arabia
79%
Claudia Sheinbaum Mexico
71%
Friedrich Merz Germany
68%
Anthony Albanese Australia
61%
Marcelo Rebelo de Sousa Portugal
54%
Abdel Fattah el-Sisi Egypt
50%
Pedro Sánchez Spain
46%
Miguel Díaz-Canel Cuba
29%
Anwar Ibrahim Malaysia
18%
No matching quizzes found
Score Distribution
Percent of People with Each Score
Percentile by Number Answered
Your Score History
You have not taken this quiz